01009nam a22002297a 4500999001500000003000900015008004100024040007100065082002000136100002000156245003200176260002600208300002800234505024500262650002600507650003100533650003400564700004300598942001600641945002100657952010100678 c9779d9779AR-CdUCM190328b ||||| |||| 00| 0 spa d aMUNICIPALIDAD PROVINCIAL DEL CUSCOcBIBLIOTECA MUNICIPAL DEL CUSCO a891.709 /bT82L aTrotsky, León aLiteratura y revolución / aMadrid :bM. Aguilar, a257 páginas ;c19 cm. aContenido : La literatura anterior a la revolución de octubre -- Los escuderos literarios de la revolución -- El futurismo -- Una carta del compañero Gramsci, referente al futurismo italiano -- La política de partido en el arte ... aLiteratura rusa99988 aHistoria y crítica95993 aComunismo y literatura.99999 aRoig de Lluis, Luis (traductor)926219 2ddccLIBROS apjhad2019-05-13 002ddc4070aSCAbSCAcCARTd2019-03-28g100.00o891.709 / T82LpSCA0000312r2019-03-28yLIBROS